000
00332nam a22001337a 4500
008
170529b xxu||||| |||| 00| 0 eng d
020
_a
0130546682
041
_a
eng
080
_a
624
100
_a
26
101
_a
IM
245
_a
AUTOMATION, PRODUCTION SYSTEMS, AND COMPUTER-AIDED MANUFACTURING
_c
GROOVER, M.P
942
_2
udc
_c
BK
999
_c
14893
_d
14893